Catálogo público

Susceptibilidad a insecticidas en poblaciones de sitophilus zeamais Mo y Postephanus truncatus (Horn), plagas del maíz y Acanthoscelides obtectus (Say y Zabrotes subfasciatus (Boheman), plagas del frijol en almacen / (Record no. 204318)

MARC details
000 -CABECERA
campo de control de longitud fija 01335nam a2200349Ia 4500
001 - NÚMERO DE CONTROL
campo de control Para_5975
003 - IDENTIFICADOR DEL NÚMERO DE CONTROL
campo de control CHAP
008 - DATOS DE LONGITUD FIJA--INFORMACIÓN GENERAL
campo de control de longitud fija 220125s1989 xx 000 0 und d
010 ## - NÚMERO DE CONTROL DE LA BIBLIOTECA DEL CONGRESO
Número de control de LC 204318
040 ## - FUENTE DE LA CATALOGACIÓN
Centro/agencia transcriptor CHAP
090 ## - LOCALMENTE ASIGNADO TIPO-LC NÚMERO DE CLASIFICACIÓN (OCLC); NÚMERO DE CLASIFICACIÓN LOCAL (RLIN)
Número de clasificación (OCLC) (R) ; Numero de clasificación, CALL (RLIN) (NR) PA TESIS 540
100 ## - ENTRADA PRINCIPAL--NOMBRE DE PERSONA
Nombre de persona Arenas Luna, Concepción
9 (RLIN) 6957
245 ## - MENCIÓN DE TÍTULO
Título Susceptibilidad a insecticidas en poblaciones de sitophilus zeamais Mo y Postephanus truncatus (Horn), plagas del maíz y Acanthoscelides obtectus (Say y Zabrotes subfasciatus (Boheman), plagas del frijol en almacen /
Mención de responsabilidad, etc. por Concepción Arenas LUna
260 ## - PUBLICACIÓN, DISTRIBUCIÓN, ETC.
Lugar de publicación, distribución, etc. México, D.F. :
Nombre del editor, distribuidor, etc. el autor
300 ## - DESCRIPCIÓN FÍSICA
Extensión 58 h.
502 ## - NOTA DE TESIS
Nota de tesis Tesis (M.C. en Ciencias Biológicas). UNAM. Facultad de Ciencias
650 ## - PUNTO DE ACCESO ADICIONAL DE MATERIA--TÉRMINO DE MATERIA
Término de materia o nombre geográfico como elemento de entrada Acanthoscelides obtectus
9 (RLIN) 402
650 ## - PUNTO DE ACCESO ADICIONAL DE MATERIA--TÉRMINO DE MATERIA
Término de materia o nombre geográfico como elemento de entrada Frijol
Subdivisión general almacenamiento
-- plagas
9 (RLIN) 43323
650 ## - PUNTO DE ACCESO ADICIONAL DE MATERIA--TÉRMINO DE MATERIA
Término de materia o nombre geográfico como elemento de entrada Insectos
Subdivisión general resistencia a insecticidas
9 (RLIN) 58941
650 ## - PUNTO DE ACCESO ADICIONAL DE MATERIA--TÉRMINO DE MATERIA
Término de materia o nombre geográfico como elemento de entrada Maíz
Subdivisión general almacenamiento
-- plagas
9 (RLIN) 70854
650 ## - PUNTO DE ACCESO ADICIONAL DE MATERIA--TÉRMINO DE MATERIA
Término de materia o nombre geográfico como elemento de entrada Prastephanus truneatus
9 (RLIN) 170248
650 ## - PUNTO DE ACCESO ADICIONAL DE MATERIA--TÉRMINO DE MATERIA
Término de materia o nombre geográfico como elemento de entrada Sitophilus zeamais
9 (RLIN) 106790
650 ## - PUNTO DE ACCESO ADICIONAL DE MATERIA--TÉRMINO DE MATERIA
Término de materia o nombre geográfico como elemento de entrada Zabrotes subfasciatus
9 (RLIN) 123383
710 ## - PUNTO DE ACCESO ADICIONAL--NOMBRE DE ENTIDAD CORPORATIVA
Nombre de entidad corporativa o nombre de jurisdicción como elemento de entrada Universidad Nacional Autónoma de México. Facultad de Ciencias
9 (RLIN) 116521
901 ## - ELEMENTOS DE DATOS A LOCAL LDA (RLIN)
a PA TESIS 540
902 ## - ELEMENTOS DE DATOS B LOCAL, LDB (RLIN)
a A
905 ## - ELEMENTOS DE DATOS E LOCAL, LDE (RLIN)
a 0000001989 0000000000 00
910 ## - DATOS DE OPCIÓN DEL USUARIO (OCLC)
Datos de opción del usuario 1989
942 ## - ELEMENTOS DE PUNTO DE ACCESO ADICIONAL (KOHA)
Tipo de ítem Koha Parasitologia_
942 ## - ELEMENTOS DE PUNTO DE ACCESO ADICIONAL (KOHA)
Tipo de ítem Koha Parasitologia_
-- 1
Holdings
Estado de retiro Estado de pérdida Fuente del sistema de clasificación o colocación Estado dañado Restricciones de uso No para préstamo Código de colección Localización permanente Ubicación/localización actual Fecha de adquisición Información codificada de la localización en otra ubicación Número de inventario Total de préstamos Signatura topográfica completa Código de barras Fecha visto por última vez Número de copia Precio válido a partir de Tipo de ítem Koha Nota pública
    Clasificación Universidad Autónoma de Chapingo   Préstamo 3 días   Tesis Parasitologia Agricola Parasitologia Agricola 27/10/2005 PARA (PA_3304-2) (No. UACh CONSUMO)   PA TESIS 540 4101000763 25/01/2022 Ej.2 25/01/2022 Tesis 3
    Clasificación Universidad Autónoma de Chapingo   Préstamo interno   Tesis Parasitologia Agricola Parasitologia Agricola 27/10/2005 PARA (PA_3304) (No. UACh CONSUMO)   PA TESIS 540 4101000762 25/01/2022 Ej.1 25/01/2022 Tesis 3